Léim chuig an ábhar

Физические основы надёжности и методы восстановления изношенных деталей методические указания

Методические указания содержат общие принципы и положения по проектированию технологических процессов восстановления деталей, указания по выполнению заданий по практическим занятиям, справочные материалы. Предназначено для студентов обучающихся по направлению подготовки 23.03.03 Эксплуатация транспо...

Cur síos iomlán

Sábháilte in:
Sonraí bibleagrafaíochta
Formáid: Книга
Teanga:Russian
Foilsithe / Cruthaithe: Самара СамГАУ 2021
Rochtain ar líne:https://e.lanbook.com/book/244607
https://e.lanbook.com/img/cover/book/244607.jpg
Clibeanna: Cuir clib leis
Níl clibeanna ann, Bí ar an gcéad duine le clib a chur leis an taifead seo!
LEADER 01735nam0a2200241 i 4500
001 244607
003 RuSpLAN
005 20221220174158.0
008 221220s2021 ru gs 000 0 rus
040 |a RuSpLAN 
041 0 |a rus 
044 |a ru 
080 |a 631.3.004.67 
084 |a 34.5-060.1+30.14 я 73  |2 rubbk 
245 0 0 |a Физические основы надёжности и методы восстановления изношенных деталей  |b методические указания 
260 |a Самара  |b СамГАУ  |c 2021 
300 |a 67 с. 
504 |a Библиогр.: доступна в карточке книги, на сайте ЭБС Лань 
520 8 |a Методические указания содержат общие принципы и положения по проектированию технологических процессов восстановления деталей, указания по выполнению заданий по практическим занятиям, справочные материалы. Предназначено для студентов обучающихся по направлению подготовки 23.03.03 Эксплуатация транспортно-технологических машин и комплексов. Может быть полезно обучающимся по направлению 35.03.06 Агроинженерия. 
521 8 |a Книга из коллекции СамГАУ - Инженерно-технические науки 
856 4 |u https://e.lanbook.com/book/244607 
856 4 8 |u https://e.lanbook.com/img/cover/book/244607.jpg 
953 |a https://e.lanbook.com/img/cover/book/244607.jpg